Responses for show #4 - Thursday, September 13, 1984

Fourth episode.

Contestants

Denise Stewart, a literary agent from Venice, California

Larry Silverman, a middle school vice-principal from Banning, California

Nancy Teri, a stockbroker originally from Wanatah, Indiana (whose 1-day cash winnings total $8,390)

Jeopardy! Round responses

GEOGRAPHY
BY THE NUMBERS
TOYS & GAMES
TRANSPORTATION
FLOWERS & TREES
TRIVIA
    $100 7
islands

Denise
    $100 10
Twenty Questions

Denise
    $100 6
6

Larry
    $100 19
a steamer

Larry
    $100 13
the poppy

Denise
    $100 1
(Larry: What is sand?)
...
(Alex: I don't know how we'd use so much sand, Larry, but we'll talk to you about that a little later on.)

suntan lotion

NancyLarry
    $200 9
(rock of) Gibraltar

Denise
    $200 11
1 and 11

Denise
    $200 8
white

Larry
    $200 20
a chariot

Denise
    $200 25
(Nancy: What is a cypress?)
(Denise: What is a pine tree?)
...
[The end-of-round signal sounds.]

a cedar

NancyLarryDenise
    $200 2
the Liberty Bell

Denise
    $300 16
Saudi Arabia

Larry
    $300 12
(Denise: What is the 5th precinct?)

the 12th

NancyDenise
    $300 14
Monopoly

Denise
    $500 21
(Alex: I get the feeling, Denise, that you know the question.)

a bicycle

Denise
    $300 3
the Magic Kingdom/Disneyland

Denise
    $400 17
France

Larry
    $400 24
a 3-legged race

Denise
    $400 15
(Crayola) crayons

Larry
    $400 4
Horton

Larry
    $500 18
(Denise: What is Central time?)
[Denise cringes]
(Alex: I know how you feel, Denise.)

Eastern

Denise
Triple Stumper
    $500 23
1776

Denise
    $500 22
Barbie

Larry
    $500 5
the Olympic torch

Denise

Scores at the first commercial break (after clue 9):

Nancy Larry Denise
$100 $600 $1,300

Scores at the end of the Jeopardy! Round:

Nancy Larry Denise
$200 $2,500 $2,600

Double Jeopardy! Round responses

THE CIVIL WAR
ANATOMY
MOVIES
STATE CAPITALS
ALPHABET SOUP
BUSINESS & INDUSTRY
    $200 7
the Confederate army

Larry
    $200 19
ears

Denise
    $200 1
Tootsie

Nancy
    $200 12
Phoenix

Denise
    $200 6
Mr. T

Larry
    $200 17
Wonder Bread

Nancy
    $400 8
Fort Sumter

Larry
    $400 20
your bones

Larry
    $400 2
A Star Is Born

Denise
    $400 25
Springfield

Larry
    $400 13
(Alex: Nice to hear from you again!)
(Nancy: Nice to be here!)

"B.C."

Nancy
    $400 18
Volkswagen

Larry
    $600 9
(Larry: Who was Mead?)

Robert E. Lee

Larry
Triple Stumper
    $600 21
(Denise: What are 2?)

4

NancyDenise
    $600 3
Conan

Denise
    $600 27
[The end-of-round signal sounds.]

(1 of) Salt Lake City, Oklahoma City, Jefferson City, Carson City

Denise
    $600 14
J

Denise
    $600 22
Sears(-Roebuck)

Nancy
    $800 10
West Virginia

Larry
    $800 24
(Denise: What are arteries... [*]?)
(Alex: Be more specific.)
(Denise: What are veins? I mean, what do you... [*]?)
[Larry rings in]
(Alex: No, I'll have to go to Larry for this.)
(Larry: What are [*]?)
(Alex: [*], yes.)
(Denise: That's what I said.)
(Alex: Well, you said them in two different sections and you never said [*] itself.)
(Denise: I said [*]. I said [*].)
(Alex: Did the lady say [*]?)
(Voice offstage: Yes.)
(Alex: Then I misheard, Denise. I'm very sorry, I apologize, and we will credit you with the money we owe you! And, as a result, you have $5,800 and control of the board.)

blood vessels

Denise
    $800 4
The Bad News Bears

Denise
    $800 15
(Alex: Yes, [*] for a 10.)

X

Denise
    $800 23
(Denise: What are chain stores ... department stores?)
...
(Alex: [*]. Yes, that's the very particular question we wanted to hear.)

supermarkets

LarryDenise
    $1000 11
(William Tecumseh) Sherman

Larry
    $3,500 26
(Alex: Right now, I just want to clear up a point. We had a bit of confusion a little while ago on that "blood vessel" question, when my blood vessels weren't getting enough oxygen to my brain, but your score is correct at this moment. We had to deduct that $800 that we credited to Denise.... You trail Denise by $100.)
(Larry: This is very close, and I don't think I'll ever get this close again, so I'm going to bet $3,500.)

cheek bones

Larry
    $1000 5
Jack Nicholson

Denise
    $1000 16
(Nancy: What is the Stanford-Binet [*] test?)
(Alex: [*]. That's what we're looking for. You got it.)

the IQ

Nancy

Scores at the end of the Double Jeopardy! Round:

Nancy Larry Denise
$3,200 $10,000 $7,200

[wagering suggestions for these scores]

Final Jeopardy! Round responses

AMERICAN GOVERNMENT
(Alex: ...You'll be back tomorrow to face two challengers. Congratulations to you. So we'll do it all again on tomorrow's edition of our program, ladies and gentlemen. Please join us then on Jeopardy! So long, everybody.)
[Theme starts playing]
(Alex: [yelling] Question was, What is [*]. What is [*].)
NancyWhat is Dept of Treasury
$3,100
DeniseWhat is Health, Education & Welfare
$7,000
LarryWhat Is H.U.D.?
$7,000
the Attorney General's Department

Final scores:

Nancy Larry Denise
$100 $3,000 $200
3rd place: a "telephone center" New champion: $3,000 2nd place: a washer/dryer and watches

Game dynamics:

Coryat scores:

Nancy Larry Denise
$3,200 $7,500 $7,000
8 R,
1 W
19 R
(including 1 DD),
2 W
23 R
(including 1 DD),
5 W

Combined Coryat: $17,700

The J! Archive is created by fans, for fans. The Jeopardy! game show and all elements thereof, including but not limited to copyright and trademark thereto, are the property of Jeopardy Productions, Inc. and are protected under law. This website is not affiliated with, sponsored by, or operated by Jeopardy Productions, Inc. Join the discussion at JBoard.tv.